| 000 | 00601nam a22002177a 4500 | ||
|---|---|---|---|
| 005 | 20160930174910.0 | ||
| 008 | 160930b xxu||||| |||| 00| 0 spa d | ||
| 020 | _a9789977239842 | ||
| 041 | _aspa | ||
| 082 | _a398.2 L683l2 | ||
| 245 | _aLeyendas ticas de la tierra, los animales, las cosas, la religión y la magia | ||
| 250 | _a2 Edición | ||
| 260 |
_aCOSTA RICA _bCOSTA RICA _c2015 |
||
| 300 | _a294 páginas | ||
| 650 |
_aCOSTA RICA _923966 |
||
| 650 |
_aLEYENDAS COSTARRICENSES _97786 |
||
| 650 |
_aANIMALES _91109 |
||
| 650 |
_aRELIGIÓN _92354 |
||
| 650 |
_aMAGIA _920692 |
||
| 942 | _cBK | ||
| 999 |
_c8460 _d8460 |
||